=LDR 00000nam 2200000 4500 =001 INLIS000000000032083 =005 20130612134118 =008 ***********************************ind** =035 ##$$0010-061300000032083 =041 ##$$a ind =082 ##$$a 510.76 =090 ##$$a 510.76, Nur t =100 ##$$a Nurochman, Budi =245 ##$$a Teori Ringkas Latihan Soal dan Perubahan, Matematika SMA kelas X,XI,XII Siap UN,UM UGM SPMB, dan Seleksi PTN Mandiri, Budi Nurochman =260 ##$$a 2007 $b Yogyakarta =300 ##$$a viii,383 hlm., Ilus., m =650 ##$$a Matematika - Soal =850 ##$$a NBPNMAT